000
00318nam a22001337a 4500
008
190304b xxu||||| |||| 00| 0 eng d
020
_a
9781451114126
041
_a
eng
080
_2
2nd
_a
616-002.77
100
_a
7
101
_a
REU
245
_a
Rheumatology Subspecialty Consult
_c
Henderson,K.E
942
_2
udc
_c
BK
999
_c
54422
_d
54422